00785nam a22002057a 4500003000400000005001700004008004100021020002200062040003000084050002900114100002700143245009800170250001200268260004400280300000900324650003800333942001500371952017600386999001700562OSt20250708145727.0250708b |||||||| |||| 00| 0 eng d a978-0-414-04470-8 cChuka University Library  aK 7510 .W66 2019 V.1 C.1 aWood R. Philip 919015 aThe Law and Practice of International Finance Series: Principles of International Insolvency  a3rd ed  aCPI Group (UK) bThomson Reuters c2019 a919p aConflict of Law Bankrupts 919126 2lcccBKn0 00102lcc40708LGLaCHKbCHKcLAWd2025-07-01eDonation from Books for Africag76486.00l0oK 7510 .W66 2019 V.1 C.1 p26324/2025r2025-07-08 14:55:31t1w2025-07-08yBK c19169d19169